000 00642 a2200169 4500
003 Nust
005 20230119121047.0
040 _cNust
082 _a671.52,AME
100 _aL.Phillips, Artbur
_9107074
245 _aIntrodutory welding metallurgy /
_cArtbur L.Phillips
260 _aAmerican welding society
_bNew York
_c1968
300 _a152 p
505 _aWelding Processes (Page-2), Introduction to Metallurgy (Page-22), Stresses,Stress Relief and Annealing (Page-43), Precipitation Hardening and Reactive Metals (Page-52), Introduction to Metallurgy and Weldability of Steel (Page-78).
650 _aWelding
_9189
942 _2ddc
_cBK
999 _c190841
_d190841